[Event "AUTO-INT-1023"]
[Site "http://www.queenalice.com/game.php?id=457534"]
[Date "2008.9.3"]
[Round "1"]
[White "Tacitus"]
[Black "Tchecmaurice"]
[Result "0-1"]
[WhiteElo "1508"]
[BlackElo "1782"]

1. e4 e5 2. Nf3 Nc6 3. Bb5 d6 4. d4 Bd7 5. Nc3 Qf6 6. Bg5 Qg6 7. Nd5 Qxe4+ 8.
Qe2 Qxd5 9. O-O f6 10. c4 Qe6 11. d5 Qe7 12. Be3 Na5 13. b4 c6 14. Ba4 Nxc4 15.
Qxc4 b5 16. Qc2 bxa4 17. Qxa4 cxd5 18. Qd1 d4 19. Bc1 d5 20. Qb3 Qd6 21. Ba3 Rb8
22. Rfc1 Nh6 23. b5 Qxa3 24. Qxa3 Bxa3 25. Rc7 Rxb5 26. Rxa7 Be7 27. Rc1 Rb8 28.
Rcc7 Rb1+ 0-1

[Event "AUTO-INT-939"]
[Site "http://www.queenalice.com/game.php?id=478650"]
[Date "2008.10.17"]
[Round "2"]
[White "luvches"]
[Black "Tacitus"]
[Result "1-0"]
[WhiteElo "2159"]
[BlackElo "1552"]

1. g3 e5 2. b3 d5 3. d3 Nf6 4. Bb2 Nc6 5. Bg2 Be6 6. Nf3 Bc5 7. Nxe5 Nxe5 8.
Bxe5 Ng4 9. d4 Bd6 10. Bxd6 Qxd6 11. O-O c5 12. c4 Nf6 13. Nc3 Rc8 14. cxd5 Nxd5
15. dxc5 Rxc5 16. e4 Rxc3 17. exd5 Bd7 18. Qe1+ Kd8 19. Qxc3 Bb5 20. Rfe1 Re8
21. Qa5+ Qb6 22. Qxb6+ axb6 23. Rxe8+ Bxe8 24. Rc1 f5 25. f4 h6 26. Re1 g5 27.
Re6 Bf7 28. Rxh6 gxf4 29. gxf4 1-0

[Event "AUTO-INT-939"]
[Site "http://www.queenalice.com/game.php?id=478651"]
[Date "2008.10.17"]
[Round "2"]
[White "Tacitus"]
[Black "luvches"]
[Result "0-1"]
[WhiteElo "1550"]
[BlackElo "2160"]

1. e4 e5 2. Nf3 Nc6 3. Bc4 d6 4. c3 Na5 5. Na3 Nxc4 6. Nxc4 b5 7. Na5 c5 8. Nc6
Qc7 9. Ncxe5 dxe5 10. d4 cxd4 11. cxd4 exd4 12. Qxd4 Bb7 13. Bd2 Nf6 14. O-O
Nxe4 15. Rfe1 f5 16. Ne5 Rd8 17. Rac1 Qb8 18. Qc3 Nxc3 19. Nc6+ Ne4 20. Nxb8
Rxd2 21. f3 Bd6 22. fxe4 Bxb8 23. exf5+ Kf7 24. Rcd1 Rhd8 25. h4 Rxd1 26. Rxd1
Rxd1+ 27. Kf2 Kf6 28. g4 Ke5 29. Ke2 Rd4 0-1

[Event "AUTO-INT-939"]
[Site "http://www.queenalice.com/game.php?id=478654"]
[Date "2008.10.17"]
[Round "2"]
[White "Tacitus"]
[Black "francksc"]
[Result "1-0"]
[WhiteElo "1538"]
[BlackElo "1687"]

1. e4 e5 2. Nf3 d6 3. d4 f6 4. Bc4 Ne7 5. dxe5 fxe5 6. Ng5 Qd7 7. Nc3 h6 8. Bf7+
Kd8 9. Ne6+ Qxe6 10. Bxe6 Bxe6 11. b4 b5 12. Nxb5 Na6 13. Nxd6 Nxb4 14. Nf7+ Ke8
15. Nxh8 g5 16. Rb1 Nbc6 17. Ba3 Bg7 18. Qh5+ Kd7 19. Nf7 Rf8 20. Rd1+ Kc8 21.
Bxe7 Nxe7 22. Nxe5 Bxe5 23. Qxh6 Rg8 24. Qxe6+ Kb8 25. Rb1+ Ka8 26. Qxe5 Nc6 27.
Qxc7 Na5 28. Qxa5 Rb8 29. Qd5+ Rb7 30. Qxb7# 1-0

[Event "AUTO-INT-939"]
[Site "http://www.queenalice.com/game.php?id=478655"]
[Date "2008.10.17"]
[Round "2"]
[White "francksc"]
[Black "Tacitus"]
[Result "0-1"]
[WhiteElo "1711"]
[BlackElo "1514"]

1. e4 e5 2. d3 Nf6 3. Bg5 Be7 4. Bxf6 gxf6 5. Qg4 d5 6. Qg7 Kd7 7. Qxf7 c6 8.
exd5 Qf8 9. dxc6+ Nxc6 10. Qc4 b6 11. g3 Nd4 12. Nd2 Bb7 13. f3 Rc8 14. Qa4+ Bc6
15. Qxa7+ Rc7 16. Qxb6 f5 17. f4 Nxc2+ 18. Kd1 Nxa1 19. fxe5 Qf7 20. Qd4+ Bd5
21. b3 Nc2 22. e6+ Qxe6 23. Qxh8 Qe1# 0-1

[Event "Hhurtz"]
[Site "http://www.queenalice.com/game.php?id=482306"]
[Date "2008.10.24"]
[Round "-"]
[White "Tacitus"]
[Black "hendrixx"]
[Result "0-1"]
[WhiteElo "1560"]
[BlackElo "1754"]

1. e4 c5 2. Nf3 d6 3. d4 cxd4 4. Nxd4 Nf6 5. Nc3 a6 6. Bg5 Nbd7 7. Bc4 Qb6 8. b3
h6 9. Na4 Qb4+ 10. Qd2 Qxd2+ 11. Kxd2 hxg5 12. Nf3 g4 13. Ng5 Ne5 14. Nb6 Nxc4+
15. Nxc4 Rh5 16. h4 gxh3 17. Rxh3 Bxh3 18. gxh3 Rxg5 19. Nb6 Rd8 20. Ke3 Rb5 21.
Nc4 d5 22. Nd2 e6 23. c4 Bc5+ 24. Ke2 dxc4 25. bxc4 Rb2 26. Rd1 Nxe4 0-1

[Event "ztruH"]
[Site "http://www.queenalice.com/game.php?id=482307"]
[Date "2008.10.24"]
[Round "-"]
[White "hendrixx"]
[Black "Tacitus"]
[Result "1-0"]
[WhiteElo "1804"]
[BlackElo "1548"]

1. e4 e5 2. Nf3 Nc6 3. Bb5 Nf6 4. Nc3 Nd4 5. Nxd4 exd4 6. Ne2 Nxe4 7. Nxd4 Bc5
8. Qg4 Qe7 9. Qxg7 Qf8 10. Qe5+ Kd8 11. Qxe4 Qe8 12. Qxe8+ Rxe8+ 13. Ne2 c6 14.
Bc4 f5 15. O-O d5 16. Bd3 h5 17. Nf4 h4 18. b3 Be6 19. Re1 Bf7 20. Rxe8+ Kxe8
21. Bxf5 Bd6 22. d4 Ke7 23. Bd2 Kf6 24. Bd7 Kg5 25. Nxd5+ Kg6 26. Nf4+ Kg7 27.
Re1 Rg8 28. c4 Kh6 29. c5 Bf8 30. Be8 Bxe8 31. Rxe8 1-0

[Event "AUTO-INT-1157"]
[Site "http://www.queenalice.com/game.php?id=517123"]
[Date "2009.1.4"]
[Round "1"]
[White "Tacitus"]
[Black "dlabedz"]
[Result "0-1"]
[WhiteElo "1515"]
[BlackElo "1471"]

1. e4 d5 2. exd5 Qxd5 3. Nc3 Qe6+ 4. Qe2 Nc6 5. Kd1 Nd4 6. Qd3 Bd7 7. Qxd4 c5 8.
Qxc5 b6 9. Qc7 Qc6 10. Qxc6 Bxc6 11. Nb5 Bxb5 12. Bxb5+ Kd8 13. Nf3 a6 14. Bc6
Rc8 15. Nd4 e6 16. Re1 Nf6 17. Re3 Bc5 18. Rd3 Kc7 19. Bf3 e5 20. Nf5 Bxf2 21.
Ne7 Rce8 22. Nf5 Kb8 23. Nxg7 Reg8 24. Nh5 e4 25. Rd6 Nxh5 26. Bxh5 Rxg2 27.
Bxf7 Rg1+ 28. Ke2 Rg2 29. b3 Rf8 30. Bc4 Bc5+ 31. Ke1 Rg1+ 0-1

[Event "AUTO-INT-1157"]
[Site "http://www.queenalice.com/game.php?id=517124"]
[Date "2009.1.4"]
[Round "1"]
[White "dlabedz"]
[Black "Tacitus"]
[Result "1-0"]
[WhiteElo "1360"]
[BlackElo "1551"]

1. d4 Nf6 2. d5 c6 3. c4 e6 4. Bf4 cxd5 5. e3 dxc4 6. Bxc4 Qa5+ 7. Nc3 Qb4 8.
Qc2 d5 9. a3 Qe7 10. Bb5+ Nc6 11. Nf3 a6 12. Ba4 e5 13. Nxd5 Nxd5 14. Nxe5 b5
15. Qxc6+ 1-0

[Event "AUTO-INT-1157"]
[Site "http://www.queenalice.com/game.php?id=517125"]
[Date "2009.1.4"]
[Round "1"]
[White "Tacitus"]
[Black "pedepano"]
[Result "0-1"]
[WhiteElo "1563"]
[BlackElo "1746"]

1. e4 e5 2. Nf3 Nc6 3. Bb5 a6 4. Ba4 Nf6 5. Nc3 b5 6. Bb3 Bc5 7. Ng5 d6 8. Nxf7
Qe7 9. Nxh8 Be6 10. Bxe6 Qxe6 11. a3 Ke7 0-1

[Event "AUTO-INT-1157"]
[Site "http://www.queenalice.com/game.php?id=517126"]
[Date "2009.1.4"]
[Round "1"]
[White "pedepano"]
[Black "Tacitus"]
[Result "1-0"]
[WhiteElo "1632"]
[BlackElo "1527"]

1. e4 e5 2. Nf3 Nc6 3. Bb5 a6 4. Ba4 Nf6 5. O-O Nxe4 6. Qe2 Nc5 7. d4 Nxa4 8.
dxe5 Bc5 9. b3 Nb6 10. Bg5 Ne7 11. Bf6 O-O 12. Bg5 h6 13. Bh4 Nbd5 14. Qc4 b6
15. Re1 a5 16. Bxe7 Qxe7 17. Qxd5 c6 18. Qc4 d5 19. Qh4 g5 20. Qxh6 g4 21. Ng5
Bd4 22. Qh7# 1-0

[Event "AUTO-INT-1157"]
[Site "http://www.queenalice.com/game.php?id=517127"]
[Date "2009.1.4"]
[Round "1"]
[White "Tacitus"]
[Black "Enxadrista_A"]
[Result "0-1"]
[WhiteElo "1554"]
[BlackElo "1880"]

1. e4 c5 2. Nf3 Nc6 3. d4 cxd4 4. Nxd4 Nf6 5. Nc3 a6 6. Nxc6 bxc6 7. e5 Ng8 8.
Bc4 d6 9. exd6 exd6 10. O-O Nf6 11. Re1+ Be7 12. Qf3 d5 13. Bb3 O-O 14. Re5 Bd6
15. Re2 Bg4 16. Qd3 Bxe2 17. Qxe2 Re8 18. Qd3 Re1+ 19. Qf1 Bxh2+ 20. Kxh2 Rxf1
21. Na4 Qd6+ 0-1

[Event "AUTO-INT-1157"]
[Site "http://www.queenalice.com/game.php?id=517128"]
[Date "2009.1.4"]
[Round "1"]
[White "Enxadrista_A"]
[Black "Tacitus"]
[Result "1-0"]
[WhiteElo "1879"]
[BlackElo "1563"]

1. e4 e5 2. f4 exf4 3. Nf3 g5 4. h4 g4 5. Ne5 Nf6 6. Nxg4 Nxe4 7. d3 Ng3 8. Bxf4
Nxh1 9. Qe2+ Be7 10. Nf6+ Kf8 11. Bh6# 1-0